<?xml version="1.0" encoding="UTF-8"?>
<record
    xmlns:xsi="http://www.w3.org/2001/XMLSchema-instance"
    xsi:schemaLocation="http://www.loc.gov/MARC21/slim http://www.loc.gov/standards/marcxml/schema/MARC21slim.xsd"
    xmlns="http://www.loc.gov/MARC21/slim">

  <leader>00390nam a2200133Ia 4500</leader>
  <controlfield tag="008">211119s9999||||xx |||||||||||||| ||und||</controlfield>
  <datafield tag="082" ind1=" " ind2=" ">
    <subfield code="a">920</subfield>
    <subfield code="b">THI-A</subfield>
  </datafield>
  <datafield tag="100" ind1=" " ind2=" ">
    <subfield code="a">Thikkotiyan, </subfield>
  </datafield>
  <datafield tag="245" ind1=" " ind2="0">
    <subfield code="a">Ashrupooja</subfield>
  </datafield>
  <datafield tag="260" ind1=" " ind2=" ">
    <subfield code="b">Vayanasala Publications</subfield>
    <subfield code="a">2005</subfield>
    <subfield code="c">Kozhikode</subfield>
  </datafield>
  <datafield tag="300" ind1=" " ind2=" ">
    <subfield code="a">71p.</subfield>
  </datafield>
  <datafield tag="650" ind1=" " ind2=" ">
    <subfield code="a">History&amp;geography</subfield>
    <subfield code="v">Biography, genealogy &amp; insigmaEconomics</subfield>
    <subfield code="x">PGR-GANDHIAN STUDIES</subfield>
  </datafield>
  <datafield tag="942" ind1=" " ind2=" ">
    <subfield code="c">BOOK</subfield>
  </datafield>
  <datafield tag="952" ind1=" " ind2=" ">
    <subfield code="0">0</subfield>
    <subfield code="1">0</subfield>
    <subfield code="4">0</subfield>
    <subfield code="7">0</subfield>
    <subfield code="a">SBCL</subfield>
    <subfield code="b">SBCL</subfield>
    <subfield code="c">8</subfield>
    <subfield code="d">2021-11-19</subfield>
    <subfield code="g">35.00</subfield>
    <subfield code="l">0</subfield>
    <subfield code="o">920 THI-A</subfield>
    <subfield code="p">00125576</subfield>
    <subfield code="r">2021-11-19 00:00:00</subfield>
    <subfield code="w">2021-11-19</subfield>
    <subfield code="y">BOOK</subfield>
  </datafield>
  <datafield tag="999" ind1=" " ind2=" ">
    <subfield code="c">112125</subfield>
    <subfield code="d">112125</subfield>
  </datafield>
</record>
